| 000 | 00869 a2200301 4500 | ||
|---|---|---|---|
| 999 |
_c200001219 _d19886 |
||
| 001 | 200001219 | ||
| 003 | TR-AnTOB | ||
| 005 | 20230828101741.0 | ||
| 008 | 160506d19829999xxuzn0p 0 1 | ||
| 022 | _a1086-7058 | ||
| 040 |
_aTR-AnTOB _beng _cTR-AnTOB _erda |
||
| 041 | _aeng | ||
| 050 | 1 | 4 |
_aN1. _bA78 |
| 099 | _aJOURNAL - ARTF | ||
| 222 | 0 | _aArtforum | |
| 245 | 0 | 0 | _aArtforum international |
| 246 | 0 | 3 | _aArt forum international |
| 260 |
_aNew York, N.Y. : _bArtforum International Magazine |
||
| 300 |
_av. : _bill. ; _c26 cm |
||
| 310 | _aMonthly (except July and Aug.) | ||
| 362 | _aVol. 20, no. 9 (May 1982)- | ||
| 500 | _aKütüphanedeki mevcutlar : v.46 (8) , 2008- | ||
| 500 | _aMonthly-8 to 12 per year (Consecutive months). | ||
| 650 | 0 |
_aArt _vPeriodicals _964528 |
|
| 856 | 4 | 0 | _ahttp://artforum.com/back_issues/ |
| 942 |
_cCR _2lcc |
||